Bilecik Bilecik Bilecik Bilecik Bilecik

İhracat çeşitliliği ve ekonomik büyüme üzerine etkisi: Türkiye örneği | / (Record no. 66474)

MARC details
000 -BAŞLIK
Sabit Uzunluktaki Kontrol Alanı 01692nam a22004697a 4500
001 - KONTROL NUMARASI
Control Dosyası T0000603
003 - KONTROL NUMARASI KİMLİĞİ
Kontrol Alanı KOHA_MİRAKIL
005 - EN SON İŞLEM TARİHİ ve ZAMANI
Kontrol Alanı 20260207004628.0
007 - FİZİKSEL TANIM SABİT ALAN - GENEL BİLGİ
Sabit uzunluklu kontrol alanı ta
008 - SABİT UZUNLUKTAKİ VERİ ÖGELERİ - GENEL BİLGİ
Sabit Alan 210601b2020 tu |||grm|||#0|||0|tur |
040 ## - KATALOGLAMA KAYNAĞI
Özgün Kataloglama Kurumu TR-BiSEU
Kataloglama Dili tur
Çeviri Kurumu TR-BiSEU
Açıklama Kuralları rda
041 0# - DİL KODU
Metin ya da ses kaydının dil kodu tur
044 ## - YAYINLAYAN/ÜRETEN KURULUŞUN ÜLKE KODU
ISO country code tu
050 00 - SINIFLAMA ve YER NUMARASI
Sınıflama Numarası Tez
Yer Numarası 603
100 1# - KİŞİ ADI
Yazar Adı (Kişi adı) Altun, Merve.
245 1# - ESER ADI BİLDİRİMİ
Başlık İhracat çeşitliliği ve ekonomik büyüme üzerine etkisi: Türkiye örneği
245 1# - ESER ADI BİLDİRİMİ
Başlık /
Sorumluluk Bildirimi Merve Altun ; Merve Altun; danışman Muhammed Benli.
264 #1 - ÜRERİM, YAYIN, DAĞITIM ve TELİF BİLDİRİMİ
Yayın yeri Bilecik :
Yayınlayan Bilecik Şeyh Edebali Üniversitesi
Yayın tarihi 2020
300 ## - FİZİKSEL TANIMLAMA
Sayfa, Cilt vb. vııı, 64 sayfa; 30 cm. +
Birlikteki Materyal 1 CD-ROM
336 ## - İÇERİK TÜRÜ
Content type term metin
Content type code txt
Source rdacontent
337 ## - MEDYA TÜRÜ
Media type term aracısız
Media type code n
Source rdamedia
338 ## - TAŞIYICI TÜRÜ
Carrier type term cilt
Carrier type code nc
Source rdacarrier
490 0# - DİZİ BİLDİRİMİ
Dizi Bildirimi Ref.
490 0# - DİZİ BİLDİRİMİ
Dizi Bildirimi No: 10235974
500 ## - GENEL NOT
Genel Not Kaynakça var.
500 ## - GENEL NOT
Genel Not İngilizce Eser Adı: Export diversification and its effect on economic growth: Evidence from Turkey
502 ## - TEZ NOTU
Tez Notu Tez (Yüksek Lisans) -- Bilecik Şeyh Edebali Üniversitesi Sosyal Bilimler Enstitüsü İktisat Anabilim Dalı, Bilecik, .
650 #0 - KONU BAŞLIĞI EK GİRİŞ - KONU TERİMİ
Konusal terim veya coğrafi ad İhracat Çeşitliliği.
9 (RLIN) 124605
650 #0 - KONU BAŞLIĞI EK GİRİŞ - KONU TERİMİ
Konusal terim veya coğrafi ad Ekonomik Büyüme.
9 (RLIN) 123665
650 #0 - KONU BAŞLIĞI EK GİRİŞ - KONU TERİMİ
Konusal terim veya coğrafi ad Herfindahl-Hirschman İndeksi.
9 (RLIN) 124606
650 #0 - KONU BAŞLIĞI EK GİRİŞ - KONU TERİMİ
Konusal terim veya coğrafi ad Gini-Hirschman İndeksi.
9 (RLIN) 124607
650 #0 - KONU BAŞLIĞI EK GİRİŞ - KONU TERİMİ
Konusal terim veya coğrafi ad Gini-Hirschman İndeksi.
9 (RLIN) 124607
650 #0 - KONU BAŞLIĞI EK GİRİŞ - KONU TERİMİ
Konusal terim veya coğrafi ad Export Diversification.
9 (RLIN) 124608
650 #0 - KONU BAŞLIĞI EK GİRİŞ - KONU TERİMİ
Konusal terim veya coğrafi ad Economic Growth.
9 (RLIN) 123669
650 #0 - KONU BAŞLIĞI EK GİRİŞ - KONU TERİMİ
Konusal terim veya coğrafi ad Herfindahl-Hirschman Index.
9 (RLIN) 124609
650 #0 - KONU BAŞLIĞI EK GİRİŞ - KONU TERİMİ
Konusal terim veya coğrafi ad Gini-Hirschman Index.
9 (RLIN) 124610
650 #0 - KONU BAŞLIĞI EK GİRİŞ - KONU TERİMİ
Konusal terim veya coğrafi ad Theil Entropy Index.
9 (RLIN) 124611
830 0# - SERİ EK GİRİŞİ - TEKBİÇİM ESER ADI
Tekbiçim Başlık Ref.
9 (RLIN) 123605
830 0# - SERİ EK GİRİŞİ - TEKBİÇİM ESER ADI
Tekbiçim Başlık No: 10235974
9 (RLIN) 124612
856 40 - ELEKTRONİK YER ve ERİŞİM
Kaynak Tanımlayıcı (URL) <a href="https://hdl.handle.net/11552/1750 ">https://hdl.handle.net/11552/1750 </a>
907 ## - LOCAL DATA ELEMENT G, LDG (RLIN)
a Yüksek Lisans
942 ## - EK GİRİŞ ÖGELERİ (KOHA)
Source of classification or shelving scheme Library of Congress Classification
Koha item type Thesis
Holdings
Materyal Türü Kalıcı Konum Mevcut Konum Raf Yeri Sınıflandırma Kaynağı Edinim Bilgisi Yer Numarası Demirbaş Numarası Fatura Tarihi Geri Çekilme Durumu Kayıp Durumu Hasarlı Durumu Kredi için değil Kayıt Tarih Toplam Ödünçverme Son Görülme Tarihi Son Kontrol Tarihi
Thesis Prof. Dr. Azmi Özcan Kütüphanesi Prof. Dr. Azmi Özcan Kütüphanesi Depo Library of Congress Classification Bağış Tez/603 T0000603 02/02/2026         01/06/2021   05/12/2024 05/12/2024